kku e-library facility

Theory of Automata and Formal Languages (Record no. 221)

MARC details
000 -LEADER
fixed length control field 00401nam a2200133 4500
005 - DATE AND TIME OF LATEST TRANSACTION
control field 20260414101508.0
008 - FIXED-LENGTH DATA ELEMENTS--GENERAL INFORMATION
fixed length control field 260414b |||||||| |||| 00| 0 eng d
020 ## - INTERNATIONAL STANDARD BOOK NUMBER
International Standard Book Number 978-93-5269-117-3
100 ## - MAIN ENTRY--PERSONAL NAME
Personal name Kishore Kaushal
245 ## - TITLE STATEMENT
Title Theory of Automata and Formal Languages
Statement of responsibility, etc. / Kaushal Kishore
260 ## - PUBLICATION, DISTRIBUTION, ETC.
Place of publication, distribution, etc. New Delhi, India;
Name of publisher, distributor, etc. Random Publications;
Date of publication, distribution, etc. 2019
300 ## - PHYSICAL DESCRIPTION
Extent viii,254p.ill;
Dimensions 24cm
942 ## - ADDED ENTRY ELEMENTS (KOHA)
Source of classification or shelving scheme Library of Congress Classification
Suppress in OPAC No
Koha item type Books

No items available.

©2025 All rights reserved. KKU